Catalog

Record Details

Catalog Search



Hardy boys: The sign of the crooked arrow, Cover Image Book Book

Hardy boys: The sign of the crooked arrow, by Franklin W. Dixon.

Summary:

With only the slender clue of an arrow-shaped tie clasp, Frank and Joe Hardy pick up the trail of the cunning gang of thieves responsible for a wave of jewelry-store holdups. But their investigations are interrupted when a desperate plea for help comes from their widowed cousin who lives on a cattle ranch in New Mexico. Frank, Joe, and their pal Chet Morton fly there immediately. The mysterious disappearance of one cowboy after another has given Crowhead Ranch the reputation of being jinxed, and it is quickly being stampeded toward financial ruin. The young detectives face grave danger before they uncover a cleverly conceived plot engineered by the crooked arrow gang. In a dramatic climax Frank, Joe, and Chet aid law-enforcement officers in smashing the highly organized band of criminals, putting an end both to the troubles at Crowhead ranch and the jewelry-store robberies. - Flyleaf.

Record details

  • ISBN: 0448089289
  • ISBN: 9780448089287
  • ISBN: 0448189283
  • ISBN: 9780448189284
  • Physical Description: 178 pages illustrations 20 cm.
  • Publisher: New York, Grosset & Dunlap [1970]

Content descriptions

Formatted Contents Note:
The Abandoned Car -- Daylight Robbery -- Dead-End Clue -- Distressing News -- Expensive Evidence -- Police Raid -- Another Puzzle -- Followed -- Forced Landing -- A Suspicious Foreman -- A Second Chance -- Bunkhouse Brawl -- A Poisoned Point -- A Familiar Face -- The Galloping Archer -- Mystery Smoke -- Captured! -- A Grim Story -- Thundering Posse -- Final Roundup.
Subject: Hardy Boys (Fictitious characters) > Juvenile fiction.
Hardy Boys (Fictitious characters) > Juvenile fiction.
Brothers > Juvenile fiction.
Boy detectives > Fiction.
Teenage boy detectives > Fiction.
Genre: Juvenile works.
Detective and mystery fiction.

Available copies

  • 1 of 1 copy available at scottsboropl.

Holds

  • 0 current holds with 1 total copy.
Show Only Available Copies
Location Call Number / Copy Notes Barcode Shelving Location Status Due Date
scottsboropl JF Dix 32269001237604 Juvenile - Fiction Available -

LDR 04007cam a2200649 4500
001161761
003SBPL
00520230922124619.0
008700729s1970 nyua j 000 1 eng
010 . ‡a 71100119
020 . ‡a0448089289 ‡q(trade edition)
020 . ‡a9780448089287 ‡q(trade edition)
020 . ‡a0448189283 ‡q(library edition)
020 . ‡a9780448189284 ‡q(library edition)
02850. ‡a8928 ‡bGrosset & Dunlap
035 . ‡a(OCoLC)102678
035 . ‡a(OCoLC)102678 ‡z(OCoLC)1010964776
05000. ‡aPZ7.D644 ‡bShr5
0820 . ‡a[Fic]
1001 . ‡aDixon, Franklin W. : ‡eauthor
24514. ‡aHardy boys: The sign of the crooked arrow, ‡cby Franklin W. Dixon.
260 . ‡aNew York, ‡bGrosset & Dunlap ‡c[1970]
300 . ‡a178 pages ‡billustrations ‡c20 cm.
336 . ‡atext ‡btxt ‡2rdacontent
337 . ‡aunmediated ‡bn ‡2rdamedia
338 . ‡avolume ‡bnc ‡2rdacarrier
4901 . ‡aThe Hardy boys mystery stories ; ‡vBk 28
5050 . ‡aThe Abandoned Car -- Daylight Robbery -- Dead-End Clue -- Distressing News -- Expensive Evidence -- Police Raid -- Another Puzzle -- Followed -- Forced Landing -- A Suspicious Foreman -- A Second Chance -- Bunkhouse Brawl -- A Poisoned Point -- A Familiar Face -- The Galloping Archer -- Mystery Smoke -- Captured! -- A Grim Story -- Thundering Posse -- Final Roundup.
520 . ‡aWith only the slender clue of an arrow-shaped tie clasp, Frank and Joe Hardy pick up the trail of the cunning gang of thieves responsible for a wave of jewelry-store holdups. But their investigations are interrupted when a desperate plea for help comes from their widowed cousin who lives on a cattle ranch in New Mexico. Frank, Joe, and their pal Chet Morton fly there immediately. The mysterious disappearance of one cowboy after another has given Crowhead Ranch the reputation of being jinxed, and it is quickly being stampeded toward financial ruin. The young detectives face grave danger before they uncover a cleverly conceived plot engineered by the crooked arrow gang. In a dramatic climax Frank, Joe, and Chet aid law-enforcement officers in smashing the highly organized band of criminals, putting an end both to the troubles at Crowhead ranch and the jewelry-store robberies. - Flyleaf.
600 0. ‡aHardy Boys (Fictitious characters) ‡vJuvenile fiction.
600 0. ‡aHardy Boys (Fictitious characters) ‡vJuvenile fiction.
650 0. ‡aBrothers ‡vJuvenile fiction.
650 1. ‡aBoy detectives ‡vFiction.
650 1. ‡aTeenage boy detectives ‡vFiction.
655 7. ‡aJuvenile works.
655 7. ‡aDetective and mystery fiction. ‡2lcgft
8001 . ‡aDixon, Franklin W. ‡tHardy boys mystery stories ; ‡vBk 28.
901 . ‡a161761 ‡bAUTOGEN ‡c161761 ‡tbiblio

Additional Resources